Statystyki dla Kraje Morza Czarnego

Kliknij tutaj aby rozwiązać quiz!

Ogólne statystyki

  • Ten quiz został rozwiązany 152 razy
  • Średni wynik to 6 z 6

Statystyki odpowiedzi

Państwo% Poprawnych
Rosja
97%
Turcja
97%
Ukraina
96%
Bułgaria
93%
Rumunia
92%
Gruzja
90%

Rozkład punktacji

Percentyl według liczby udzielonych odpowiedzi

Procent ludzi z każdym wynikiem

Twoja historia wyników

Nie rozwiązałeś tego quizu